000 00363nam a2200133Ia 4500
003 GCL
008 140319s9999 xx 000 0 eng d
040 _aGCL /
_cGCL
082 0 4 _a508
_bO M
100 1 _aOAKLEY, KENNETH P
245 1 0 _aMAN THE TOOL-MALEER /
_cOAKLEY, KENNETH P
260 _a[S.N] :
_bTHE TRUSTEES OF THE BRITISH MUSEUM ،
_c1961
300 _a98 P P
999 _c12026
_d12026